Economics liberalization and exclusion in the Indian context / (Record no. 143716)

MARC details
000 -LEADER
fixed length control field 00578nam a22001817a 4500
005 - DATE AND TIME OF LATEST TRANSACTION
control field 20230410120057.0
010 ## - LCCN (DPL NO)
LC control number ENG-120100
020 ## - INTERNATIONAL STANDARD BOOK NUMBER
International Standard Book Number 9789382549345
Terms of availability 800.00
035 ## - SYSTEM CONTROL NUMBER
System control number EN-103632
037 ## - SOURCE OF ACQUISITION
Source of stock number/acquisition DBAD/PUB
082 ## - DEWEY DECIMAL CLASSIFICATION NUMBER
Classification number 333.79320954
245 ## - TITLE STATEMENT
Title Economics liberalization and exclusion in the Indian context /
Statement of responsibility, etc edited by Manas kumar Adhikari
260 ## - PUBLICATION, DISTRIBUTION, ETC. (IMPRINT)
Place of publication, distribution, etc Kolkata
Name of publisher, distributor, etc Rachayita
Date of publication, distribution, etc 2014
270 ## - ADDRESS
Address 59/5 Garfa Main Road,
City Kolkata
Postal code 700075
300 ## - PHYSICAL DESCRIPTION
Extent xiv,329p.
Dimensions 22cm(hbk)
700 ## - ADDED ENTRY--PERSONAL NAME
Personal name Adhikari, Manas Kumar
942 ## - ADDED ENTRY ELEMENTS (KOHA)
Source of classification or shelving scheme Dewey Decimal Classification
Item type English Books
Classification part 333.79320954
Call number suffix ECO
Holdings
Withdrawn status Lost status Not for loan Collection code Home library Current library Date acquired Source of acquisition Cost, normal purchase price Full call number Barcode Copy number Cost, replacement price Koha item type
      Non-fiction Central Jail Tihar Central Jail Tihar 23/08/2017 DBAD/PUB 800.00 333.79320954 ECO EN-103632 1 800.00 English Books

© Delhi Public Library
Hit Counter
free hit counter